<?xml version="1.0" encoding="UTF-8"?>
<record
    xmlns:xsi="http://www.w3.org/2001/XMLSchema-instance"
    xsi:schemaLocation="http://www.loc.gov/MARC21/slim http://www.loc.gov/standards/marcxml/schema/MARC21slim.xsd"
    xmlns="http://www.loc.gov/MARC21/slim">

  <leader>01278nam2a22002411  4500</leader>
  <controlfield tag="001">rc\370104</controlfield>
  <controlfield tag="005">20250612170117.0</controlfield>
  <datafield tag="035" ind1=" " ind2=" ">
    <subfield code="a">(NLR Aleph) 008740323</subfield>
  </datafield>
  <datafield tag="090" ind1=" " ind2=" ">
    <subfield code="a">9529079</subfield>
    <subfield code="c">9529079</subfield>
  </datafield>
  <datafield tag="100" ind1=" " ind2=" ">
    <subfield code="a">20030307d1989    |||y0rusy50      ca</subfield>
  </datafield>
  <datafield tag="101" ind1="0" ind2=" ">
    <subfield code="a">rus</subfield>
  </datafield>
  <datafield tag="102" ind1=" " ind2=" ">
    <subfield code="a">RU</subfield>
  </datafield>
  <datafield tag="105" ind1=" " ind2=" ">
    <subfield code="a">y   |||||||||</subfield>
  </datafield>
  <datafield tag="200" ind1="0" ind2=" ">
    <subfield code="a">&#x427;. 1</subfield>
    <subfield code="f">[&#x41F;&#x43E;&#x434;&#x43F;&#x43E;&#x43B;&#x43A;. &#x410;&#x43B;&#x435;&#x43A;&#x441;&#x435;&#x435;&#x432; &#x410;.&#x41D;. &#x438; &#x434;&#x440;.]</subfield>
  </datafield>
  <datafield tag="210" ind1=" " ind2=" ">
    <subfield code="d">1989</subfield>
    <subfield code="a">&#x411;. &#x43C;.</subfield>
  </datafield>
  <datafield tag="215" ind1=" " ind2=" ">
    <subfield code="a">84 &#x441;.</subfield>
  </datafield>
  <datafield tag="461" ind1=" " ind2="0">
    <subfield code="1">001rc\370103</subfield>
    <subfield code="1">2001#$a&#x41C;&#x415;&#x422;&#x41E;&#x414;&#x418;&#x427;&#x415;&#x421;&#x41A;&#x41E;&#x415; &#x43F;&#x43E;&#x441;&#x43E;&#x431;&#x438;&#x435; &#x43F;&#x43E; &#x438;&#x437;&#x443;&#x447;&#x435;&#x43D;&#x438;&#x44E; &#x43F;&#x435;&#x440;&#x432;&#x43E;&#x438;&#x441;&#x442;&#x43E;&#x447;&#x43D;&#x438;&#x43A;&#x43E;&#x432; &#x438; &#x430;&#x43A;&#x442;&#x443;&#x430;&#x43B;&#x44C;&#x43D;&#x44B;&#x445; &#x43F;&#x440;&#x43E;&#x431;&#x43B;&#x435;&#x43C; &#x43C;&#x430;&#x440;&#x43A;&#x441;&#x438;&#x441;&#x442;&#x441;&#x43A;&#x43E;-&#x43B;&#x435;&#x43D;&#x438;&#x43D;&#x441;&#x43A;&#x43E;&#x439; &#x442;&#x435;&#x43E;&#x440;&#x438;&#x438;$f&#x41C;&#x412;&#x414; &#x421;&#x421;&#x421;&#x420;, &#x412;&#x44B;&#x441;&#x448;. &#x43F;&#x43E;&#x43B;&#x438;&#x442;. &#x443;&#x447;-&#x449;&#x435; &#x438;&#x43C;. 60-&#x43B;&#x435;&#x442;&#x438;&#x44F; &#x412;&#x41B;&#x41A;&#x421;&#x41C;. &#x41A;&#x430;&#x444;. &#x43D;&#x430;&#x443;&#x447;. &#x43A;&#x43E;&#x43C;&#x43C;&#x443;&#x43D;&#x438;&#x437;&#x43C;&#x430;$v&#x427;. 1</subfield>
    <subfield code="9">7871497</subfield>
    <subfield code="c">&#x41B;.</subfield>
    <subfield code="d">1989</subfield>
    <subfield code="f">&#x41C;&#x412;&#x414; &#x421;&#x421;&#x421;&#x420;, &#x412;&#x44B;&#x441;&#x448;. &#x43F;&#x43E;&#x43B;&#x438;&#x442;. &#x443;&#x447;-&#x449;&#x435; &#x438;&#x43C;. 60-&#x43B;&#x435;&#x442;&#x438;&#x44F; &#x412;&#x41B;&#x41A;&#x421;&#x41C;. &#x41A;&#x430;&#x444;. &#x43D;&#x430;&#x443;&#x447;. &#x43A;&#x43E;&#x43C;&#x43C;&#x443;&#x43D;&#x438;&#x437;&#x43C;&#x430;</subfield>
    <subfield code="n">&#x412;&#x41F;&#x423;</subfield>
    <subfield code="t">&#x41C;&#x415;&#x422;&#x41E;&#x414;&#x418;&#x427;&#x415;&#x421;&#x41A;&#x41E;&#x415; &#x43F;&#x43E;&#x441;&#x43E;&#x431;&#x438;&#x435; &#x43F;&#x43E; &#x438;&#x437;&#x443;&#x447;&#x435;&#x43D;&#x438;&#x44E; &#x43F;&#x435;&#x440;&#x432;&#x43E;&#x438;&#x441;&#x442;&#x43E;&#x447;&#x43D;&#x438;&#x43A;&#x43E;&#x432; &#x438; &#x430;&#x43A;&#x442;&#x443;&#x430;&#x43B;&#x44C;&#x43D;&#x44B;&#x445; &#x43F;&#x440;&#x43E;&#x431;&#x43B;&#x435;&#x43C; &#x43C;&#x430;&#x440;&#x43A;&#x441;&#x438;&#x441;&#x442;&#x441;&#x43A;&#x43E;-&#x43B;&#x435;&#x43D;&#x438;&#x43D;&#x441;&#x43A;&#x43E;&#x439; &#x442;&#x435;&#x43E;&#x440;&#x438;&#x438;</subfield>
    <subfield code="v">&#x427;. 1</subfield>
  </datafield>
  <datafield tag="702" ind1=" " ind2="1">
    <subfield code="a">&#x410;&#x43B;&#x435;&#x43A;&#x441;&#x435;&#x435;&#x432;</subfield>
    <subfield code="b">&#x410;.&#x41D;.</subfield>
    <subfield code="4">220</subfield>
  </datafield>
  <datafield tag="801" ind1=" " ind2="0">
    <subfield code="a">RU</subfield>
    <subfield code="b">NLR</subfield>
    <subfield code="g">psbo</subfield>
  </datafield>
  <datafield tag="801" ind1=" " ind2="1">
    <subfield code="a">RU</subfield>
    <subfield code="b">ELAR</subfield>
    <subfield code="2">rusmarc</subfield>
  </datafield>
  <datafield tag="852" ind1=" " ind2=" ">
    <subfield code="a">NLR</subfield>
    <subfield code="j">89-4/14769</subfield>
  </datafield>
  <datafield tag="942" ind1=" " ind2=" ">
    <subfield code="c">BOOK</subfield>
  </datafield>
  <datafield tag="980" ind1=" " ind2=" ">
    <subfield code="a">NB</subfield>
  </datafield>
  <datafield tag="995" ind1=" " ind2=" ">
    <subfield code="5">2013-10-26</subfield>
    <subfield code="b">NLR01</subfield>
    <subfield code="c">NLR01</subfield>
    <subfield code="e">RF9</subfield>
    <subfield code="f">8740323-10</subfield>
    <subfield code="k">89-4/14769</subfield>
    <subfield code="o">0</subfield>
    <subfield code="r">BOOK</subfield>
    <subfield code="s">89414769_</subfield>
  </datafield>
</record>
